| 000 | 00448pab a2200157 454500 | ||
|---|---|---|---|
| 008 | 180718b2017 xxu||||| |||| 00| 0 eng d | ||
| 100 | _aLara-Rubio, Juan et al | ||
| 245 | _aAnalysing credit risk in large local governments: an empirical study in Spain | ||
| 260 | _c2017 | ||
| 300 | _ap.194-217. | ||
| 362 | _aApr | ||
| 650 | _aLocal government - Spain | ||
| 650 | _aLocal government | ||
| 773 | _aLocal Government Studies | ||
| 909 | _a115134 | ||
| 999 |
_c115128 _d115128 |
||